01089nam a2200277 a 450000100060000000300090000600800410001501500210005602000150007704000280009208200160012010000210013624501580015725000120031526000400032730000240036749000250039150000210041665000760043765000640051370000490057791700180062694200120064499900170065695201380067326303CO-ViMGA141112s2004 ck r 000 u spa d ack - 2005 - xxxx a9583016969 aCO-ViMGAbspacCO-ViMGA04aI923.9 M11n1 aMacDonald, Fiona10aNo te gustaría ser marinero de Cristobal Colón! / cescrito por Fiona MacDonald ; ilustrado por David Antram ; creado y diseñado por David Salariya a1a. ed. aBogotá : bPanAméricana, c2005 a32 p. : il. ; 25 cm aNo te gustaría ser aIncluye glosario14aAmérica - Descubrimiento y exploraciones - Literatura juvenil 91993714aColon, Cristóbal, 1451 - 1506 - Literatura juvenil9199381 aAntram, David, 1958 - , ilustrado il.941081 a2827 20050608 2ddccBK c33473d33473 00102ddc40708008aMEVIECARbMEVIECARd2015-12-04h15/dic/2014l0oI923.9 M11n p27877r2015-12-04 00:00:00tEj. 1w2015-12-04yBK